| 000 | 00684nam a22002057a 4500 | ||
|---|---|---|---|
| 003 | 0 | ||
| 005 | 20230824081835.0 | ||
| 008 | 230824b xxu||||| |||| 00| 0 eng d | ||
| 020 | _a978-621-427-130-6 | ||
| 050 |
_aTX 911.3 _b.So66 2023 |
||
| 100 | _aSomoray, Ana Marie M. | ||
| 245 |
_aRisk management as applied to safety, security, and sanitation _cAna Marie M. Somoray |
||
| 260 |
_aManila _bUnlimited Books Library Services & Publishing Inc. _cc2023. |
||
| 300 |
_ax, 188 pages : _bill. _c23 cm. |
||
| 500 | _aFood risk management. | ||
| 504 | _aIncludes bibliographical references. | ||
| 650 | _aFood risk management. | ||
| 650 | _aFood sanitation. | ||
| 942 |
_2lcc _cBK |
||
| 999 |
_c365197 _d365197 |
||